000 00688nam a2200217 a 4500
001 BRCA_6969
005 20190320205649.0
008 221111s1924----u--a######---#000-0#eng-#
041 _aeng
044 _au
050 4 _aNA1301
_b.S68 1924
245 1 0 _aSpanish farm houses and minor public buildings
_cphotographs and drawings by Winsor Soule ; with an introduction by Ralph Adams Cram.
260 _aNueva York
_bArchitectural Book : P. Wenzel and M. Krakow
_c1924
300 _aiv, 98 h.
_bil.
_c28 cm.
500 _aO202
650 1 4 _aArquitectura
_zEspaƱa
_92007
700 1 _aSoule, Winsor
_eil.
_917359
700 1 _aCram, Ralph Adams
_915021
902 _aGFM
942 _2lcc
_cB
999 _c6650
_d6650